Normal view
MARC view
- AAMER A BAQAI
Entry Personal Name
001 - CONTROL NUMBER
- control field: 72235
003 - CONTROL NUMBER IDENTIFIER
- control field: NUST
005 - DATE AND TIME OF LATEST TRANSACTION
- control field: 20210628204748.0
008 - FIXED-LENGTH DATA ELEMENTS
- fixed length control field: 210628|| aca||aabn | a|a d
040 ## - CATALOGING SOURCE
- Original cataloging agency: NUST
- Transcribing agency: NUST
100 ## - HEADING--PERSONAL NAME
- Personal name: AAMER A BAQAI
670 ## - SOURCE DATA FOUND
- Source citation: Work cat.: (NUST): MANSOOR,SARMAD,TAYYAB 72233, PR-SOF-1153-DEVELOPMENT OF 3 DEGREE OF FREEDOMPARALLEL MANIPULATOR, 2012
